Giovanni Gentile (1875-1944) és Julius Evola (1898-1974) magyar recepciójának történetéhez
Elmentve itt :
| Szerző: | |
|---|---|
| Adatforrás: | Philobibl |
| Forrásdokumentuma: | Korunk 17.2006:7. p. 93-103. |
| Dokumentumtípus: | Cikk |
| Nyelv: | magyar |
| Kulcsszavak: | politikaelmélet modernitás társadalomelmélet |
| Megjelent: |
2006
|
| Online elérés: | szabadon hozzáférhető |
| LEADER | 00552nab a2200157 c 4500 | ||
|---|---|---|---|
| 001 | bibPHI0032318 | ||
| 005 | 20221019133001.2 | ||
| 008 | 080627s2006 rm hun | ||
| 100 | 1 | |a Egyed Péter | |
| 245 | 1 | 0 | |a Giovanni Gentile (1875-1944) és Julius Evola (1898-1974) magyar recepciójának történetéhez |c Egyed Péter |
| 260 | |a 2006 | ||
| 695 | |a politikaelmélet | ||
| 695 | |a modernitás | ||
| 695 | |a társadalomelmélet | ||
| 773 | 0 | |t Korunk |g 17.2006:7. p. 93-103. | |
| 856 | 4 | 1 | |3 Full text |u https://adatbank.ro/vendeg/htmlk/pdf6414.pdf |z szabadon hozzáférhető |